Celebrity Last Names in Songs Quiz Stats

 Plays Quiz Updated Apr 23, 2016

Challenge
Share
Tweet
Score 0/18 Timer 06:00
17 Plays Today
% Correct
Paint It
Jack Black
89.3%
Chris Rock
The Casbah
87.9%
Like A Rolling
Sharon Stone
80.3%
(They Long To Be)
Glenn Close To You
80%
Friday I'm In
Courtney Love
78.9%
Ring My
Kristen Bell
78.1%
The Megan Fox (What Does
The Megan Fox Say?)
78.1%
Betty White
Rabbit
76.5%
You Shook Me All Night
Shelley Long
75.2%
% Correct
I Want
John Candy
75.1%
By The Time I Get To
Joaquin Phoenix
74.8%
Red Rubber
Lucille Ball
73.2%
Norwegian
Elijah Wood
70.8%
Martin Short
People
68.3%
Seth Green
Tambourine
66.1%
Vincent Price
Tag
65.7%
Adam West
End Girls
65.5%
Sir Patty Duke
57.8%

You're not logged in!

Compare scores with friends on all Sporcle quizzes.
Join for Free
OR
Log In

You Might Also Like...

Show Comments

Extras

Top Quizzes Today


Score Distribution

Your Account Isn't Verified!

In order to create a playlist on Sporcle, you need to verify the email address you used during registration. Go to your Sporcle Settings to finish the process.

Report this User

Report this user for behavior that violates our Community Guidelines.

Details: